| 000 | 01447cam a2200325 a 4500 | ||
|---|---|---|---|
| 001 | 15486708 | ||
| 005 | 20110420083844.0 | ||
| 008 | 081016s2009 enka b 001 0 eng | ||
| 010 | _a 2008043080 | ||
| 020 | _a0415467209 (pbk. : alk. paper) | ||
| 020 | _a9780415467209 (pbk. : alk. paper) | ||
| 035 | _a(OCoLC)ocn262787424 | ||
| 040 |
_aDLC _cDLC _dYDXCP _dBWKUK _dBWK _dDLC |
||
| 043 |
_ae-uk--- _ae------ |
||
| 050 | 0 | 0 |
_aTA658 _b.A79 2009 |
| 082 | 0 | 0 |
_a624.17 _222 _bARY |
| 100 | 1 |
_aArya, Chanakya. _923484 |
|
| 245 | 1 | 0 |
_aDesign of Structural Elements : _bConcrete, Steelwork, Masonry and Timber Designs to British Standards and Eurocodes / _cChanakya Arya. |
| 246 | 3 | 0 | _aConcrete, steelwork, masonry, and timber design to British standards and Eurocodes |
| 250 | _a3rd ed. | ||
| 260 |
_aLondon ; _aNew York : _bSpon Press/ Taylor & Francis, 2009 _c2009. |
||
| 300 |
_axvii, 502 p. : _bill. ; _c26 cm. |
||
| 504 | _aIncludes bibliographical references and index. | ||
| 650 | 0 |
_aStructural design _xStandards _zGreat Britain. _923485 |
|
| 650 | 0 |
_aStructural design _xStandards _zEurope. _923486 |
|
| 653 |
_bCiv _cApril2011 |
||
| 942 |
_2ddc _cBB |
||
| 999 |
_c15218 _d15218 |
||